| 000 | 01207nam a22003497a 4500 | ||
|---|---|---|---|
| 003 | CHAP | ||
| 005 | 20220329133052.0 | ||
| 008 | 971013s1990 r 00010 d | ||
| 010 | _a1811 | ||
| 011 | _a2783 | ||
| 035 | _a1983 | ||
| 040 | _cCHAP | ||
| 090 | _aTesis | ||
| 100 | 0 | 0 |
_aGordillo Lara, José Angel. _950000 |
| 245 | _aFrecuencia de alimentación y utilización de sebo en la dieta de cerdas gestantes y lactantes | ||
| 260 |
_aMarín, N. L. : _bEl autor, _c1990 |
||
| 300 |
_a37 h. _b: ilus. |
||
| 500 | _aD43-88 | ||
| 502 | _aTesis (Ing. Agr. Zootecnista) -- Universidad Autónoma de Nuevo León. Fac. de Agronomía | ||
| 590 |
_aALEPH _b10 _c20130110 _lUCH01 _h1209 |
||
| 590 |
_aBATCH-UPD _b10 _c20130110 _lUCH01 _h0239 |
||
| 590 |
_aBATCH-UPD _b10 _c20130110 _lUCH01 _h1501 |
||
| 590 |
_aBATCH-UPD _b10 _c20130409 _lUCH01 _h2305 |
||
| 590 |
_aBATCH-UPD _b10 _c20130410 _lUCH01 _h1307 |
||
| 590 |
_aBATCH-UPD _b10 _c20130914 _lUCH01 _h1519 |
||
| 590 |
_aCONVERSION _b10 _c20130109 _lUCH01 _h1302 |
||
| 650 | 1 | 4 |
_aGanado porcino _xAlimentación. _945329 |
| 650 | 1 | 4 |
_aGrasas y aceites en nutrición animal. _950455 |
| 901 | _aBK | ||
| 942 | _cTESIS | ||
| 949 |
_bBC _cTES _d-11477 _eTS1 _h23817 _i1983 _si |
||
| 999 |
_c1811 _d1811 |
||